Countries by First 3 Letters Quiz Stats

 Plays Quiz Updated Feb 13, 2019

Challenge
Share
Tweet
Embed
Score 0/197 Timer 04:00
59 Plays Today
Country % Correct
United States of America
93.9%
United Kingdom
93.1%
China
91.7%
Chile
91.6%
North Korea
89.8%
Norway
88.6%
South Korea
87.4%
Australia
87.4%
Austria
87.4%
South Sudan
87.2%
South Africa
86%
United Arab Emirates
85.8%
Canada
85%
France
84%
Russia
82.3%
Germany
80.7%
Brazil
80%
India
79.6%
Indonesia
79.5%
Belize
79.2%
Belarus
79.2%
Belgium
79.2%
Sweden
78.9%
Mexico
78.8%
Greece
76.5%
Grenada
76.5%
Spain
76%
Japan
75.9%
Argentina
75.4%
Mali
73.6%
Malawi
73.6%
Malaysia
73.6%
Malta
73.6%
Maldives
73.6%
Italy
73.2%
Monaco
73.1%
Mongolia
73.1%
Montenegro
73.1%
Finland
72.8%
Ireland
70.6%
Turkey
70.6%
Turkmenistan
70.6%
Portugal
69.7%
Iran
68.9%
Iraq
68.9%
Egypt
68%
New Zealand
66.9%
Denmark
66.9%
Iceland
66.3%
Switzerland
64.7%
Poland
63.2%
Peru
62%
Paraguay
60.4%
Uruguay
59.1%
Colombia
58.2%
Afghanistan
57.9%
Cuba
57.9%
Netherlands
57.4%
Cambodia
57.2%
Cameroon
57.2%
Kazakhstan
56.6%
Israel
56.4%
Lithuania
56.3%
Bahamas
56.2%
Bahrain
56.2%
Latvia
56%
Country % Correct
Pakistan
55.9%
Liberia
55.8%
Libya
55.8%
Venezuela
55.3%
Panama
54.7%
Morocco
54.4%
Hungary
54.1%
Honduras
54%
Jamaica
53.9%
Slovakia
53%
Slovenia
53%
Algeria
52.7%
Vietnam
52.6%
Niger
52.6%
Nigeria
52.5%
Dominica
52.4%
Dominican Republic
52.4%
Estonia
52.2%
Albania
51.9%
Bolivia
51.8%
Myanmar
51.7%
Andorra
51.5%
Luxembourg
51.5%
Saudi Arabia
51.3%
Haiti
51.2%
Saint Kitts and Nevis
51.1%
Thailand
50.9%
Guatemala
50.9%
Palestine
50.8%
Czechia
50.8%
Romania
49.4%
Ukraine
49%
Saint Lucia
49%
Ecuador
48.9%
Kenya
48.9%
Sudan
48.3%
Saint Vincent and the Grenadines
48.1%
Oman
47.9%
Laos
47.7%
Chad
47.5%
Yemen
47.5%
Vatican City
47.4%
Democratic Republic of Congo
47.2%
Guinea-Bissau
47%
Guinea
46.9%
Jordan
46.1%
Liechtenstein
46.1%
Croatia
46%
Madagascar
46%
Costa Rica
46%
Guyana
45.9%
Nicaragua
46%
Serbia
45%
Uzbekistan
45%
Kyrgyzstan
44.9%
El Salvador
44.3%
Philippines
44.2%
Bulgaria
44.2%
Zimbabwe
44.1%
San Marino
43.9%
Ethiopia
43.6%
Bosnia and Herzegovina
43.2%
Ghana
41.9%
Fiji
41.7%
Azerbaijan
41.7%
Nepal
41.6%
Country % Correct
Syria
41.5%
Burkina Faso
41.4%
Burundi
41.4%
Suriname
41.2%
Armenia
41.1%
Zambia
40.6%
Barbados
40.5%
Qatar
39.9%
Republic of Congo
39.8%
North Macedonia
39.7%
Cyprus
39.4%
Tunisia
39.4%
Angola
39.1%
Georgia
39.1%
Lebanon
39.1%
Tajikistan
39%
Mauritania
39%
Mauritius
39%
Kosovo
38.6%
eSwatini
38.6%
Palau
38.6%
Trinidad and Tobago
38.1%
Moldova
38%
Somalia
38%
Lesotho
37.3%
Taiwan
37.1%
Kuwait
36.9%
Antigua and Barbuda
36.9%
Bangladesh
36.8%
Eritrea
35.9%
Rwanda
35.8%
Sri Lanka
35.7%
Papua New Guinea
35.7%
Tanzania
35.7%
Uganda
35.1%
Bhutan
35%
Marshall Islands
34.7%
Cote d'Ivoire/Ivory Coast
34.6%
Togo
34.5%
Central African Republic
34.2%
Namibia
34.1%
Djibouti
33.9%
Singapore
33.8%
Botswana
33.3%
Benin
33.1%
Mozambique
32.2%
Vanuatu
31.7%
Equatorial Guinea
31.1%
Seychelles
30.9%
Comoros
30.8%
Samoa
30.5%
Senegal
30.5%
(The) Gambia
30%
Brunei
30%
Kiribati
29.7%
Tonga
29.6%
Solomon Islands
29.5%
Nauru
28.9%
Tuvalu
28.5%
Timor-Leste
28.5%
Gabon
28%
Micronesia
26.9%
Sierra Leone
26%
Sao Tome and Principe
25.4%
Cabo Verde
24.8%

You're not logged in!

Compare scores with friends on all Sporcle quizzes.
OR
Log In

You Might Also Like...

Show Comments

Extras

Top Quizzes Today


Score Distribution

Your Account Isn't Verified!

In order to create a playlist on Sporcle, you need to verify the email address you used during registration. Go to your Sporcle Settings to finish the process.

Report this User

Report this user for behavior that violates our Community Guidelines.

Details: